000 00353nam a2200097Ia 4500
082 _a306.7 SOME
245 0 _aSometimes rhythm, sometimes blues : young African Americans on love, relationships, sex, and the search for Mr. Right
100 _a Smith, Taigi Emeryville, CA, 2003
_992393
942 _cBK
008 210817s9999 xx 000 0 und d
999 _c376273
_d376272